Normal view
MARC view
- /عبدالله،ميسون يونس مترجمة/جمل ،محمد جهاد مراجع/Wong,Harry K م.مشارك/Wong,Rosemary T مؤلف
Entry Personal Name
001 - CONTROL NUMBER
- control field: 22326
003 - CONTROL NUMBER IDENTIFIER
- control field: JO-AjAnu
005 - DATE AND TIME OF LATEST TRANSACTION
- control field: 20230606073844.0
008 - FIXED-LENGTH DATA ELEMENTS
- fixed length control field: 230606|| aca||aabn | a|a d
040 ## - CATALOGING SOURCE
- Original cataloging agency: JO-AjAnu
- Transcribing agency: JO-AjAnu
100 ## - HEADING--PERSONAL NAME
- Personal name: /عبدالله،ميسون يونس مترجمة/جمل ،محمد جهاد مراجع/Wong,Harry K م.مشارك/Wong,Rosemary T مؤلف
670 ## - SOURCE DATA FOUND
- Source citation: Work cat.: (JO-AjAnu)11472: /عبدالله،ميسون يونس مترجمة/جمل ،محمد جهاد مراجع/Wong,Harry K م.مشارك/Wong,Rosemary T مؤلف, author, كيف تكون مدرسا فعالا الأيام الدراسية الأولى